Nations which have won a FIFA World Cup penalty shoot-out - Statistics

General Stats
  • This quiz has been taken 37 times
  • The average score is 16 of 20
Answer Stats
Won Lost Nation % Correct
1 3 England
97%
1 3 Italy
97%
4 0 (West)Germany
97%
4 1 Argentina
94%
3 1 Brazil
94%
1 2 Spain
94%
2 2 France
91%
1 0 Portugal
91%
1 2 Netherlands
88%
1 1 Russia
88%
1 0 Uruguay
88%
2 1 Croatia
85%
1 0 Belgium
82%
1 0 Sweden
82%
1 0 South Korea
79%
1 0 Bulgaria
59%
1 0 Ukraine
59%
1 0 Paraguay
56%
1 1 Republic of Ireland
50%
1 1 Costa Rica
47%
No matching quizzes found
Score Distribution
Percent of People with Each Score
Percentile by Number Answered
Your Score History
You have not taken this quiz